000 00398cam a2200157ua 4500
041 _aeng
_h
082 _a954.02
_bLAL/TW
100 _aLal, Kishori Saran .
245 _aTwelight of the Sultanate /
_cKishori Saran Lal.
_hTextual Documents
250 _a1 /
_b.
260 _aMumbai :
_bAsia Publishing House ,
_c1963.
300 _a358 ; .
504 _a
942 _cBK
999 _c6928
_d6928